[Event "Estonian ch "]
[Site "Puhajarve"]
[Date "2001.08.14"]
[Round "9"]
[White "Narva, Jaan"]
[Black "Sepp, Olav"]
[Result "1/2-1/2"]
[WhiteElo "2313"]
[BlackElo "2442"]
[PlyCount "21"]
[EventDate "2001.08.08"]

1. d4 Nf6 2. c4 g6 3. Nc3 Bg7 4. e4 O-O 5. Be2 d6 6. Nf3 e5 7. dxe5 dxe5 8.
Qxd8 Rxd8 9. Nd5 Nxd5 10. cxd5 c6 11. Bc4 1/2-1/2

[Event "Estonian ch "]
[Site "Puhajarve"]
[Date "2001.08.14"]
[Round "9"]
[White "Kulaots, Kaido"]
[Black "Lauk, Ular"]
[Result "1/2-1/2"]
[WhiteElo "2529"]
[BlackElo "2346"]
[PlyCount "122"]
[EventDate "2001.08.08"]

1. e4 e5 2. Nf3 Nf6 3. Nxe5 d6 4. Nf3 Nxe4 5. d4 d5 6. Bd3 Bd6 7. O-O O-O 8. c4
c6 9. Qc2 Na6 10. a3 f5 11. Nc3 Nc7 12. c5 Be7 13. Ne2 Ne6 14. Nf4 N4g5 15.
Nxg5 Nxg5 16. b4 Bf6 17. Qc3 Ne4 18. Qb2 b6 19. Nh5 Be7 20. f3 Nf6 21. Ng3 g6
22. Bf4 Rf7 23. Rfe1 Bf8 24. Re2 a5 25. Rae1 axb4 26. axb4 b5 27. Qd2 Ra4 28.
Bg5 Bd7 29. Bc2 Ra2 30. Qf4 Qa8 31. Bd3 Rxe2 32. Nxe2 Qa3 33. Qd2 Bg7 34. Bf4
Rf8 35. Be5 Ra8 36. Bc2 Qb2 37. Nc1 Ra1 38. Kf2 Ra3 39. Nd3 Qc3 40. Qxc3 Rxc3
41. Re2 Ra3 42. Ke1 Ra2 43. Kd2 Ra3 44. Kc1 Ra1+ 45. Kb2 Ra8 46. Re1 Ra7 47. h3
Ra8 48. g4 fxg4 49. hxg4 g5 50. Bd6 h6 51. Ne5 Be8 52. Bf5 Bf8 53. Bxf8 Kxf8
54. Bg6 Nd7 55. Bf5 Nxe5 56. Rxe5 Ra4 57. Kb3 Ra1 58. Re6 Rf1 59. Rxh6 Rxf3+
60. Kc2 Rf2+ 61. Kd3 Rf3+ 1/2-1/2

[Event "Estonian ch "]
[Site "Puhajarve"]
[Date "2001.08.14"]
[Round "9"]
[White "Kanep, Meelis"]
[Black "Zjukin, Sergei"]
[Result "1-0"]
[WhiteElo "2318"]
[BlackElo "2415"]
[PlyCount "93"]
[EventDate "2001.08.08"]

1. d4 Nf6 2. Nf3 e6 3. c4 b6 4. g3 Ba6 5. b3 Bb4+ 6. Bd2 Be7 7. Bg2 c6 8. Bc3
d5 9. Ne5 Nfd7 10. Nxd7 Nxd7 11. Nd2 O-O 12. O-O Nf6 13. Re1 Rc8 14. e4 dxe4
15. Qc2 Bb7 16. Nxe4 Nxe4 17. Bxe4 h6 18. b4 Bf6 19. Rad1 Rc7 20. Re3 Rd7 21.
Red3 Qc7 22. R3d2 Rfd8 23. Bb2 Bg5 24. f4 Bf6 25. c5 b5 26. Bc3 a6 27. Kh1 Re7
28. Rd3 Bc8 29. Qg2 Bd7 30. Qf3 Be8 31. g4 g6 32. f5 g5 33. fxe6 Qf4 34. Qxf4
gxf4 35. exf7+ Kxf7 36. Bf3 Kg7 37. d5 Bxc3 38. Rxc3 cxd5 39. Rxd5 Rxd5 40.
Bxd5 Kf6 41. c6 Rc7 42. Kg2 h5 43. h3 hxg4 44. hxg4 Kg5 45. Kf3 Bd7 46. cxd7
Rxc3+ 47. Ke4 1-0

[Event "Estonian ch "]
[Site "Puhajarve"]
[Date "2001.08.14"]
[Round "9"]
[White "Ehlvest, Jaan"]
[Black "Kengis, Edvins"]
[Result "1/2-1/2"]
[WhiteElo "2627"]
[BlackElo "2572"]
[PlyCount "31"]
[EventDate "2001.08.08"]

1. e4 c5 2. Nf3 e6 3. d4 cxd4 4. Nxd4 a6 5. Bd3 g6 6. c4 Bg7 7. Be3 d5 8. exd5
exd5 9. O-O Nf6 10. h3 O-O 11. Nc3 Nbd7 12. Rc1 dxc4 13. Bxc4 Nb6 14. Qb3 Nxc4
15. Qxc4 b5 16. Qc6 1/2-1/2

[Event "Estonian ch "]
[Site "Puhajarve"]
[Date "2001.08.15"]
[Round "10"]
[White "Lauk, Ular"]
[Black "Kanep, Meelis"]
[Result "0-1"]
[WhiteElo "2346"]
[BlackElo "2318"]
[PlyCount "62"]
[EventDate "2001.08.08"]

1. e4 c5 2. Nf3 d6 3. d4 cxd4 4. Nxd4 Nf6 5. Nc3 a6 6. Be3 e6 7. g4 h6 8. f3 b5
9. Qd2 Nbd7 10. O-O-O Bb7 11. h4 b4 12. Nce2 d5 13. Ng3 dxe4 14. g5 hxg5 15.
hxg5 Rxh1 16. Nxh1 Nd5 17. fxe4 Nxe3 18. Qxe3 Be7 19. Nf3 Qc7 20. Nf2 Ne5 21.
Qf4 Rc8 22. Ne1 Bd6 23. Kb1 Nd3 24. Qd2 Nxe1 25. Rxe1 Bf4 26. Qd3 Bxg5 27. e5
Bh4 28. Qd2 Qc5 29. Re2 Bf3 30. Ne4 Qg1 31. Nd6+ Kf8 0-1

[Event "Estonian ch "]
[Site "Puhajarve"]
[Date "2001.08.15"]
[Round "10"]
[White "Kiik, Kalle"]
[Black "Kulaots, Kaido"]
[Result "0-1"]
[WhiteElo "2449"]
[BlackElo "2529"]
[PlyCount "77"]
[EventDate "2001.08.08"]

1. e4 c5 2. Nf3 d6 3. d4 cxd4 4. Nxd4 Nf6 5. Nc3 a6 6. h3 g6 7. g4 Bg7 8. Bg2
O-O 9. O-O Nc6 10. Nde2 Nd7 11. Be3 b5 12. Rb1 Bb7 13. Qd2 Re8 14. Bh6 Bh8 15.
Nd5 Nce5 16. b3 e6 17. Ne3 Nf6 18. Ng3 Qb6 19. g5 Nfd7 20. f4 Nc6 21. Kh1 Rac8
22. Ng4 Qc7 23. f5 Nce5 24. fxg6 fxg6 25. Nf6+ Bxf6 26. gxf6 Nf7 27. Rf2 Qc3
28. Qf4 Qxf6 29. Qxf6 Nxf6 30. Be3 Nd7 31. Kh2 Rc7 32. Rd1 Rec8 33. Rdd2 e5 34.
h4 Nf8 35. Bh3 Re8 36. h5 Bc8 37. Bxc8 Rexc8 38. hxg6 hxg6 39. Bb6 0-1

[Event "Estonian ch "]
[Site "Puhajarve"]
[Date "2001.08.15"]
[Round "10"]
[White "Sepp, Olav"]
[Black "Seeman, Tarvo"]
[Result "1/2-1/2"]
[WhiteElo "2442"]
[BlackElo "2440"]
[PlyCount "24"]
[EventDate "2001.08.08"]

1. Nf3 Nf6 2. g3 g6 3. Bg2 Bg7 4. O-O O-O 5. c4 d6 6. Nc3 e5 7. d3 Nc6 8. Rb1
a5 9. a3 h6 10. b4 axb4 11. axb4 Re8 12. b5 Nd4 1/2-1/2

[Event "Estonian ch "]
[Site "Puhajarve"]
[Date "2001.08.15"]
[Round "10"]
[White "Kveinys, Aloyzas"]
[Black "Narva, Jaan"]
[Result "1-0"]
[WhiteElo "2535"]
[BlackElo "2313"]
[PlyCount "97"]
[EventDate "2001.08.08"]

1. c4 e6 2. Nc3 d5 3. d4 f5 4. Bf4 Nf6 5. e3 Be7 6. Nf3 O-O 7. Qc2 c6 8. h3 Ne4
9. Bd3 Nd7 10. g4 Ndf6 11. O-O-O Bd7 12. Ne5 Be8 13. f3 Nxc3 14. Qxc3 Kh8 15.
c5 Nd7 16. Qc2 Bg5 17. Bxg5 Qxg5 18. f4 Qf6 19. gxf5 exf5 20. Rhg1 Qe6 21. Rg5
g6 22. h4 Nxe5 23. fxe5 h6 24. Rg3 h5 25. Qf2 Rc8 26. Qf4 Kh7 27. Kb1 Bf7 28.
Rg5 Rc7 29. Kc1 Be8 30. Rdg1 Rd7 31. b4 b5 32. a4 a6 33. R5g2 Qe7 34. Ra2 Qe6
35. Kb2 Rff7 36. Kc3 Rc7 37. Be2 Rg7 38. Bd3 Rgf7 39. Kd2 Rf8 40. Ke2 Rg7 41.
Kf3 Qe7 42. axb5 axb5 43. Qg3 Bd7 44. Kf4 Re8 45. Ra7 Qe6 46. Be2 Ree7 47. Qg5
Qf7 48. Bd3 Qf8 49. Qf6 1-0

[Event "Estonian ch "]
[Site "Puhajarve"]
[Date "2001.08.16"]
[Round "11"]
[White "Kulaots, Kaido"]
[Black "Sepp, Olav"]
[Result "1-0"]
[WhiteElo "2529"]
[BlackElo "2442"]
[PlyCount "111"]
[EventDate "2001.08.08"]

1. e4 e5 2. Nf3 Nc6 3. d4 exd4 4. Nxd4 Nf6 5. Nxc6 bxc6 6. e5 Qe7 7. Qe2 Nd5 8.
c4 Nb6 9. Nc3 Qe6 10. Qe4 Ba6 11. b3 Bb4 12. Bd2 Bxc3 13. Bxc3 d5 14. Qh4 dxc4
15. Be2 Nd5 16. Bxc4 Bxc4 17. Qxc4 Nxc3 18. Qxc3 O-O 19. O-O Rad8 20. Rac1 f6
21. Qxc6 Qxc6 22. Rxc6 fxe5 23. Rxc7 Rd2 24. Rxa7 Rc8 25. a4 Rb8 26. Rc1 h5 27.
h4 Rxb3 28. Rcc7 Rb1+ 29. Kh2 Rxf2 30. Rxg7+ Kf8 31. Rh7 Kg8 32. Rxh5 e4 33.
Rb5 Rbb2 34. Rxb2 Rxb2 35. Re7 Rb4 36. a5 Kf8 37. Re5 Kf7 38. a6 Ra4 39. a7 Kf6
40. Rxe4 Rxa7 41. Kh3 Kf5 42. Rb4 Ra3+ 43. g3 Rc3 44. Rb5+ Kg6 45. h5+ Kh6 46.
Kh4 Rc4+ 47. g4 Ra4 48. Rb6+ Kh7 49. h6 Ra5 50. g5 Rc5 51. Kh5 Ra5 52. Re6 Rb5
53. Re7+ Kg8 54. Kg6 Rb6+ 55. Kf5 Rb5+ 56. Kf6 1-0

[Event "Estonian ch "]
[Site "Puhajarve"]
[Date "2001.08.16"]
[Round "11"]
[White "Ehlvest, Jaan"]
[Black "Lauk, Ular"]
[Result "1-0"]
[WhiteElo "2627"]
[BlackElo "2346"]
[PlyCount "139"]
[EventDate "2001.08.08"]

1. c4 Nf6 2. Nf3 d6 3. g3 Bg4 4. Bg2 Nbd7 5. Nc3 c6 6. d4 e5 7. h3 Bh5 8. O-O
Be7 9. Nh4 O-O 10. b3 Re8 11. Bb2 Bf8 12. d5 Rc8 13. Nf5 Bg6 14. Nh4 a5 15.
Nxg6 hxg6 16. Rb1 Qb6 17. Bc1 Nh5 18. Be3 Qc7 19. Qc2 Nhf6 20. Qd2 c5 21. Nb5
Qd8 22. Qc3 Be7 23. Bd2 Ra8 24. a3 Ra6 25. Qd3 Nh7 26. e4 Bg5 27. Bc3 Ndf6 28.
h4 Bh6 29. Bh3 Nf8 30. Kg2 g5 31. hxg5 Bxg5 32. Rh1 Bh6 33. Bf5 Bg5 34. Qe2 g6
35. Bg4 N6h7 36. Rh3 Bf6 37. Rbh1 Qe7 38. Qe1 Qd8 39. Rh6 Bg7 40. R6h3 Qg5 41.
f3 Qd8 42. Qg1 Ng5 43. Rh4 f6 44. Bd2 Nf7 45. Qb1 Qe7 46. Qd3 Raa8 47. Re1 Qd8
48. Qf1 Re7 49. Qh1 Ra6 50. Qh2 Qe8 51. Rh1 Qd8 52. Qh3 Qe8 53. Be6 Rxe6 54.
Nc7 Re7 55. Nxe8 Rxe8 56. Rg4 g5 57. f4 exf4 58. gxf4 f5 59. Rg3 Rxe4 60. Kf1
g4 61. Qh5 Nh6 62. Bc3 Rxf4+ 63. Kg2 Nf7 64. Bxg7 Kxg7 65. Re3 Re4 66. Rxe4
fxe4 67. Rf1 Ne5 68. Qg5+ Nfg6 69. Qf6+ Kg8 70. Qd8+ 1-0

[Event "Estonian ch "]
[Site "Puhajarve"]
[Date "2001.08.16"]
[Round "11"]
[White "Kengis, Edvins"]
[Black "Zjukin, Sergei"]
[Result "1-0"]
[WhiteElo "2572"]
[BlackElo "2415"]
[PlyCount "63"]
[EventDate "2001.08.08"]

1. Nf3 Nf6 2. c4 g6 3. g3 c6 4. b3 Bg7 5. Bb2 d5 6. Bg2 O-O 7. O-O Bf5 8. d3
Qd7 9. Nbd2 Bh3 10. Rc1 Bxg2 11. Kxg2 Ne8 12. Qc2 d4 13. b4 e5 14. e3 dxe3 15.
fxe3 Qe7 16. c5 Nd7 17. Nc4 Nc7 18. e4 f6 19. Nd6 Ne6 20. Qc4 Kh8 21. d4 exd4
22. Nxd4 Nc7 23. Nf3 Ne8 24. Rcd1 Nxd6 25. Rxd6 Rfe8 26. Qd3 Nf8 27. Re1 Rad8
28. e5 f5 29. Bc3 Ne6 30. Rd1 Kg8 31. Qc4 Kf7 32. Rxe6 1-0

[Event "Estonian ch (w)"]
[Site "Puhajarve"]
[Date "2001.08.08"]
[Round "1"]
[White "Tsiganova, Monika"]
[Black "Paidla, Kaja"]
[Result "1-0"]
[WhiteElo "2273"]
[BlackElo "2109"]
[PlyCount "61"]
[EventDate "2001.08.08"]

1. d4 d5 2. c4 e6 3. Nc3 Nf6 4. cxd5 exd5 5. Bg5 Be7 6. e3 h6 7. Bh4 O-O 8. Bd3
b6 9. Nge2 Bb7 10. Qc2 c5 11. O-O Nc6 12. a3 Re8 13. Rad1 cxd4 14. exd4 a6 15.
b4 Rc8 16. Qb3 Ne4 17. Bxe4 dxe4 18. d5 Nb8 19. Bxe7 Rxe7 20. Ng3 e3 21. d6
exf2+ 22. Rxf2 Rd7 23. Nf5 Nc6 24. Nd5 Kh7 25. Qg3 Qg5 26. Qxg5 hxg5 27. Nxb6
Rcd8 28. Nxd7 Rxd7 29. Rc1 f6 30. Rfc2 g6 31. Rxc6 1-0

[Event "Estonian ch (w)"]
[Site "Puhajarve"]
[Date "2001.08.08"]
[Round "1"]
[White "Bashkite, Viktorija"]
[Black "Budylina, Sofia"]
[Result "1/2-1/2"]
[WhiteElo "2072"]
[BlackElo "2076"]
[PlyCount "153"]
[EventDate "2001.08.08"]

1. e4 d5 2. exd5 Nf6 3. d4 Nxd5 4. c4 Nb6 5. Nf3 Bg4 6. Be2 Nc6 7. Be3 e6 8.
O-O Bxf3 9. Bxf3 Nxc4 10. Bxc6+ bxc6 11. Qa4 Nb6 12. Qxc6+ Qd7 13. Qf3 Be7 14.
Nc3 O-O 15. Rfd1 Rfd8 16. Rac1 Rab8 17. b3 Bb4 18. Ne4 Nd5 19. Bf4 Ba3 20. Rc4
Rb4 21. Qg3 Kh8 22. Bxc7 Rxc4 23. Bxd8 Rc2 24. Ba5 h6 25. b4 Qa4 26. Qb3 Qxb3
27. axb3 Nc3 28. Nxc3 Rxc3 29. Kf1 Rxb3 30. Ra1 Kg8 31. Ke2 Kf8 32. Kd1 Bxb4
33. Bxb4+ Rxb4 34. Rxa7 Rxd4+ 35. Ke2 g5 36. Ke3 Rb4 37. Rc7 Kg7 38. Ra7 Kg6
39. Ra6 h5 40. Ra5 f6 41. Rc5 e5 42. Ra5 Kf5 43. Ra3 Rb1 44. Ke2 Rg1 45. Rf3+
Kg6 46. h3 g4 47. hxg4 hxg4 48. Rg3 Kg5 49. f3 f5 50. fxg4 fxg4 51. Kf2 Ra1 52.
Rb3 Kf4 53. Rb4+ e4 54. g3+ Ke5 55. Rb5+ Kd4 56. Rb4+ Kd3 57. Rb3+ Kc4 58. Rb8
Ra3 59. Rg8 Rf3+ 60. Kg2 Kd3 61. Rxg4 Rf7 62. Rg8 e3 63. Rd8+ Ke2 64. Re8 Kd2
65. Rd8+ Ke1 66. Re8 e2 67. g4 Rd7 68. Kf3 Rd3+ 69. Kf4 Kd2 70. Kf5 Rf3+ 71.
Kg6 e1=Q 72. Rxe1 Kxe1 73. g5 Kf2 74. Kh7 Rh3+ 75. Kg7 Kg3 76. g6 Kg4 77. Kf7
1/2-1/2

[Event "Estonian ch (w)"]
[Site "Puhajarve"]
[Date "2001.08.08"]
[Round "1"]
[White "Ranniku, Maaja"]
[Black "Fomina, Tatjana"]
[Result "0-1"]
[WhiteElo "2097"]
[BlackElo "2269"]
[PlyCount "136"]
[EventDate "2001.08.08"]

1. b3 d5 2. Bb2 Bf5 3. e3 e6 4. c4 Nf6 5. Nf3 Bd6 6. Nh4 Bg6 7. Nxg6 hxg6 8. h3
Nbd7 9. a3 c6 10. Be2 Qe7 11. O-O e5 12. d3 e4 13. d4 dxc4 14. bxc4 Bc7 15. Nc3
Qd6 16. f4 exf3 17. Rxf3 g5 18. e4 Qh2+ 19. Kf1 g4 20. Rd3 gxh3 21. gxh3 Bg3
22. Rxg3 Qxg3 23. Bg4 Nxg4 24. Qxg4 Qxh3+ 25. Qxh3 Rxh3 26. Kg2 Rh5 27. Re1
O-O-O 28. Bc1 Nb6 29. c5 Nc4 30. Ne2 Rdh8 31. Bf4 Rh4 32. e5 g5 33. Bg3 Re4 34.
a4 g4 35. Kf2 Nb2 36. Rg1 f6 37. exf6 Rf8 38. Bh4 g3+ 39. Bxg3 Rxf6+ 40. Ke1
Rfe6 41. Rg2 Rxd4 42. Bd6 Rde4 43. Kd2 Rxe2+ 44. Rxe2 Rxe2+ 45. Kxe2 Nxa4 46.
Kd3 b6 47. cxb6 axb6 48. Kc4 Kd7 49. Bf8 b5+ 50. Kb4 Ke6 51. Ka5 Kd5 52. Kb4
Nb2 53. Kc3 Nc4 54. Kb4 Nd6 55. Kb3 c5 56. Be7 Nf5 57. Bf6 Nd4+ 58. Kb2 b4 59.
Be7 Kc4 60. Bf8 Nb5 61. Be7 Nc7 62. Bf8 Nd5 63. Bg7 Nb6 64. Bh8 Na4+ 65. Ka2
b3+ 66. Ka3 b2 67. Ka2 Kd3 68. Kb1 c4 0-1

[Event "Estonian ch (w)"]
[Site "Puhajarve"]
[Date "2001.08.09"]
[Round "2"]
[White "Paidla, Kaja"]
[Black "Piarnpuu, Leili"]
[Result "0-1"]
[WhiteElo "2109"]
[BlackElo "2212"]
[PlyCount "68"]
[EventDate "2001.08.08"]

1. d4 Nf6 2. Nf3 e6 3. g3 c5 4. c3 b6 5. Bg2 Bb7 6. O-O Be7 7. Nbd2 O-O 8. Re1
d5 9. Ne5 cxd4 10. cxd4 Nc6 11. Ndf3 Na5 12. b3 Ne4 13. Bb2 Bb4 14. Rf1 Qe7 15.
a3 Bd6 16. Qd3 Rac8 17. a4 f6 18. Ng4 Nc6 19. Rac1 Nb4 20. Qb1 Ba6 21. Rfe1
Rxc1 22. Qxc1 Rc8 23. Qb1 Rc7 24. Bf1 Qd7 25. Ne3 Qc8 26. Rd1 b5 27. Nd2 Nc3
28. Bxc3 Rxc3 29. axb5 Bxb5 30. Nf3 Bd7 31. h4 Bxg3 32. fxg3 Rxe3 33. Qa1 Qb8
34. Kf2 Rxb3 0-1

[Event "Estonian ch (w)"]
[Site "Puhajarve"]
[Date "2001.08.09"]
[Round "2"]
[White "Budylina, Sofia"]
[Black "Ranniku, Maaja"]
[Result "1-0"]
[WhiteElo "2076"]
[BlackElo "2097"]
[PlyCount "75"]
[EventDate "2001.08.08"]

1. c4 Nf6 2. Nc3 c5 3. g3 g6 4. Bg2 Bg7 5. Nf3 d6 6. O-O O-O 7. d4 Nbd7 8. Rb1
Rb8 9. b4 Nb6 10. bxc5 dxc5 11. dxc5 Qxd1 12. Rxd1 Nxc4 13. c6 Nd6 14. Bf4 b5
15. Bxd6 exd6 16. Rxb5 Ba6 17. Ra5 Rb6 18. Nd4 Bc4 19. Rxa7 d5 20. c7 Ne4 21.
Nxe4 dxe4 22. Rc1 Bxd4 23. Ra4 Bxf2+ 24. Kxf2 Be6 25. Rd4 f5 26. Rd8 Ra6 27.
Rxf8+ Kxf8 28. c8=Q+ Bxc8 29. Rxc8+ Kg7 30. Rc2 h6 31. e3 Ra3 32. Bf1 g5 33.
Bc4 h5 34. Ke2 Kf6 35. Bb3 Ra6 36. Rc5 h4 37. a4 hxg3 38. hxg3 1-0

[Event "Estonian ch (w)"]
[Site "Puhajarve"]
[Date "2001.08.09"]
[Round "2"]
[White "Tsiganova, Monika"]
[Black "Bashkite, Viktorija"]
[Result "0-1"]
[WhiteElo "2273"]
[BlackElo "2072"]
[PlyCount "88"]
[EventDate "2001.08.08"]

1. d4 Nf6 2. Nf3 e6 3. c4 Bb4+ 4. Bd2 Qe7 5. Qc2 Nc6 6. e3 a5 7. Nc3 d6 8. Be2
O-O 9. O-O e5 10. Nd5 Nxd5 11. cxd5 Nb8 12. Bxb4 axb4 13. Rfc1 c6 14. Qc4 exd4
15. Qxd4 c5 16. Qf4 Nd7 17. Nd2 Ne5 18. Qg3 f5 19. f4 Nd7 20. Bd3 Nf6 21. Re1
Ne4 22. Bxe4 fxe4 23. Nc4 Ra6 24. a4 bxa3 25. Rxa3 Rxa3 26. Nxa3 Rf5 27. Rd1
Bd7 28. Qe1 Ba4 29. Rd2 Bb3 30. Nb5 Bc4 31. Nc3 Bd3 32. Qa1 b5 33. Qa5 Qd7 34.
b4 Rf8 35. Qa3 Qb7 36. Ra2 cxb4 37. Qxb4 Qb6 38. Nd1 Rxf4 39. Rf2 Rxf2 40. Kxf2
Qc5 41. Qxc5 dxc5 42. Ke1 Kf7 43. Nf2 Ke7 44. Kd2 Kd6 0-1

[Event "Estonian ch (w)"]
[Site "Puhajarve"]
[Date "2001.08.10"]
[Round "3"]
[White "Bashkite, Viktorija"]
[Black "Paidla, Kaja"]
[Result "0-1"]
[WhiteElo "2072"]
[BlackElo "2109"]
[PlyCount "98"]
[EventDate "2001.08.08"]

1. e4 c6 2. d4 d5 3. e5 Bf5 4. Nf3 e6 5. a3 Nd7 6. Nbd2 h5 7. Be2 g5 8. h4 g4
9. Ng5 c5 10. c4 cxd4 11. cxd5 exd5 12. Nb3 d3 13. e6 fxe6 14. Bxd3 Bxd3 15.
Qxd3 Qf6 16. Nd4 Bc5 17. Ngxe6 Bxd4 18. Nxd4 Ne7 19. O-O Qxh4 20. Ne6 Qf6 21.
Nc7+ Kf7 22. Nxa8 Ne5 23. Qg3 Rxa8 24. Qf4 Nf5 25. Qg5 Qxg5 26. Bxg5 Rg8 27.
Bd2 h4 28. Rfd1 d4 29. Bb4 h3 30. Rac1 hxg2 31. Kxg2 g3 32. Rc7+ Ke6 33. fxg3
Ne3+ 34. Kf2 Nxd1+ 35. Ke2 Nxb2 36. Rxb7 d3+ 37. Kf2 Nd1+ 38. Ke1 Ne3 39. Kf2
Nc2 40. Rxa7 Nxb4 41. axb4 Rf8+ 42. Ke1 Nf3+ 43. Kf1 Rc8 44. Ra1 Kd5 45. Kf2
Ke4 46. b5 Rc2+ 47. Kf1 Rh2 48. Ra4+ Ke3 49. Rb4 Rf2# 0-1

[Event "Estonian ch (w)"]
[Site "Puhajarve"]
[Date "2001.08.10"]
[Round "3"]
[White "Piarnpuu, Leili"]
[Black "Fomina, Tatjana"]
[Result "1/2-1/2"]
[WhiteElo "2212"]
[BlackElo "2269"]
[PlyCount "84"]
[EventDate "2001.08.08"]

1. c4 e5 2. Nc3 f5 3. g3 Nf6 4. Bg2 c6 5. d4 e4 6. Qa4 Qb6 7. e3 Bb4 8. Nge2
Qa5 9. Qxa5 Bxa5 10. c5 d5 11. cxd6 Bb4 12. O-O Be6 13. b3 Nbd7 14. f3 Nd5 15.
Bd2 Bxc3 16. Nxc3 Nxc3 17. Bxc3 Nf6 18. fxe4 fxe4 19. Rac1 Kd7 20. Bb4 a5 21.
Bc5 a4 22. Rc2 axb3 23. axb3 Nd5 24. Bxe4 Nxe3 25. d5 Nxd5 26. b4 g6 27. Bxd5
Bxd5 28. Re2 Rhe8 29. Rfe1 Re6 30. Rxe6 Bxe6 31. Kf2 Ra6 32. Rd1 Ra2+ 33. Kg1
Rb2 34. Re1 b6 35. Bxb6 Kxd6 36. Bc5+ Kd5 37. Rd1+ Kc4 38. h4 Bd5 39. Rc1+ Kb5
40. Rc3 h5 41. Kf1 Bb3 42. Ke1 Bd5 1/2-1/2

[Event "Estonian ch (w)"]
[Site "Puhajarve"]
[Date "2001.08.11"]
[Round "4"]
[White "Paidla, Kaja"]
[Black "Fomina, Tatjana"]
[Result "0-1"]
[WhiteElo "2109"]
[BlackElo "2269"]
[PlyCount "90"]
[EventDate "2001.08.08"]

1. d4 d5 2. Nf3 Nc6 3. e3 Bg4 4. Be2 e6 5. O-O Bd6 6. Nbd2 Nf6 7. c4 O-O 8. h3
Bh5 9. a3 a6 10. b4 Bxf3 11. Bxf3 b5 12. cxd5 exd5 13. Bb2 Ne7 14. e4 Bf4 15.
e5 Nd7 16. Nb3 Nb6 17. g3 Bg5 18. Bg2 Nc4 19. Bc3 Nc6 20. Qd3 Be7 21. f4 a5 22.
Nc5 axb4 23. axb4 Rxa1 24. Rxa1 Bxc5 25. dxc5 Ne7 26. f5 c6 27. g4 Qc7 28. Qd4
Qb7 29. Rf1 Qc8 30. e6 f6 31. h4 Qc7 32. g5 Kh8 33. Rf3 Ng8 34. Bh3 Ra8 35. Qf2
Qd8 36. Rg3 Ra3 37. Bf1 d4 38. Rd3 Rxc3 39. Rxd4 Qc7 40. Rd7 Qe5 41. gxf6 gxf6
42. Rd3 Rxd3 43. Bxd3 Ne3 44. Qf3 Qd4 45. Qe4 Nxf5+ 0-1

[Event "Estonian ch (w)"]
[Site "Puhajarve"]
[Date "2001.08.11"]
[Round "4"]
[White "Budylina, Sofia"]
[Black "Piarnpuu, Leili"]
[Result "1/2-1/2"]
[WhiteElo "2076"]
[BlackElo "2212"]
[PlyCount "100"]
[EventDate "2001.08.08"]

1. e4 c5 2. Nf3 Nc6 3. d4 cxd4 4. Nxd4 Nf6 5. Nc3 d6 6. Be3 e5 7. Nf3 h6 8. Bc4
a6 9. O-O Be7 10. Qe2 O-O 11. Nd5 Nxd5 12. Bxd5 Kh7 13. c3 Be6 14. Qd3 Qd7 15.
Nd2 Rae8 16. f4 exf4 17. Bxe6 Qxe6 18. Bxf4 Ne5 19. Qe2 Ng6 20. Bg3 f5 21. Qc4
Qxc4 22. Nxc4 f4 23. Bf2 b5 24. Nb6 Bf6 25. Rfe1 Ne5 26. Rad1 Rd8 27. Bd4 Bh4
28. Rf1 Nc6 29. Nd5 Rde8 30. Nc7 Rxe4 31. Bf2 Be7 32. Rfe1 Rxe1+ 33. Rxe1 Bf6
34. Kf1 b4 35. Nxa6 bxc3 36. bxc3 Ra8 37. Nb4 Bxc3 38. Nxc6 Bxe1 39. Bxe1 Rxa2
40. Nb4 Rb2 41. Nd3 Rb7 42. Kf2 g5 43. Kf3 Re7 44. Bd2 Kg6 45. Nb4 Kf5 46. Nc6
Re4 47. g4+ fxg3 48. hxg3 h5 49. Nd8 Re7 50. Nc6 g4+ 1/2-1/2

[Event "Estonian ch (w)"]
[Site "Puhajarve"]
[Date "2001.08.11"]
[Round "4"]
[White "Bashkite, Viktorija"]
[Black "Ranniku, Maaja"]
[Result "1-0"]
[WhiteElo "2072"]
[BlackElo "2097"]
[PlyCount "61"]
[EventDate "2001.08.08"]

1. Nf3 Nf6 2. g3 b5 3. Bg2 Bb7 4. O-O e6 5. d3 Be7 6. c4 a6 7. Qc2 O-O 8. Bf4
c5 9. cxb5 axb5 10. d4 d6 11. dxc5 dxc5 12. Nc3 Qa5 13. a4 b4 14. Nb5 Be4 15.
Qc1 Nbd7 16. Rd1 Rfc8 17. Nd2 Bxg2 18. Kxg2 Qd8 19. Nc4 Qf8 20. b3 h6 21. h4
Ra6 22. e4 e5 23. Bxe5 Nxe5 24. Nxe5 Nxe4 25. Qe3 Nf6 26. Qf3 Re6 27. Qf5 Qe8
28. Nc4 g6 29. Qf3 Ne4 30. Re1 Qc6 31. Na7 1-0

[Event "Estonian ch (w)"]
[Site "Puhajarve"]
[Date "2001.08.12"]
[Round "5"]
[White "Ranniku, Maaja"]
[Black "Paidla, Kaja"]
[Result "1/2-1/2"]
[WhiteElo "2097"]
[BlackElo "2109"]
[PlyCount "146"]
[EventDate "2001.08.08"]

1. e4 c6 2. d4 d5 3. exd5 cxd5 4. Bd3 Nc6 5. c3 Nf6 6. Bf4 e6 7. Nf3 Be7 8.
Nbd2 O-O 9. Qc2 b6 10. O-O-O Bb7 11. Kb1 Rc8 12. a3 Na5 13. Ne5 Nc4 14. Ka2 b5
15. Qb3 Bc6 16. g4 a5 17. Rhg1 Nd7 18. Qc2 g6 19. Bh6 Ndxe5 20. Bxf8 Bxf8 21.
dxe5 Nxe5 22. f4 Nxd3 23. Qxd3 b4 24. Nb1 Qb6 25. Rge1 Rb8 26. cxb4 axb4 27. f5
bxa3 28. b3 exf5 29. gxf5 d4 30. Nd2 Bd5 31. Nc4 Qb4 32. Rb1 Bg7 33. Re2 Rc8
34. Rc1 Rb8 35. Rb1 Rc8 36. Rc1 Rb8 37. Rce1 Bc6 38. Rf1 Bb5 39. f6 Bf8 40. h4
h5 41. Rg1 Bxc4 42. Qxc4 Qxc4 43. bxc4 Bd6 44. Rd1 Bc5 45. Rd3 Rb6 46. Re8+ Kh7
47. Rc8 Rb2+ 48. Ka1 Bb4 49. Rb8 Bc3 50. Rxb2 axb2+ 51. Kb1 Kg8 52. Rg3 Kf8 53.
Rg5 d3 54. Rd5 Bxf6 55. Rxd3 Bxh4 56. Kxb2 Bf2 57. Kc2 h4 58. Kd1 Ke7 59. Ke2
Bg3 60. Kf3 f5 61. c5 g5 62. c6 g4+ 63. Kg2 Bd6 64. Rb3 h3+ 65. Kf2 f4 66. Rb7+
Ke6 67. Rh7 Bc5+ 68. Kf1 Bb6 69. c7 Bxc7 70. Rxc7 g3 71. Rh7 h2 72. Kg2 Kf5 73.
Kf3 Kg6 1/2-1/2

[Event "Estonian ch (w)"]
[Site "Puhajarve"]
[Date "2001.08.12"]
[Round "5"]
[White "Fomina, Tatjana"]
[Black "Budylina, Sofia"]
[Result "1-0"]
[WhiteElo "2269"]
[BlackElo "2076"]
[PlyCount "75"]
[EventDate "2001.08.08"]

1. d4 f5 2. Nc3 Nf6 3. Bg5 d5 4. Bxf6 exf6 5. e3 c6 6. Bd3 g6 7. Qf3 Bd6 8. h3
Kf7 9. Nge2 b5 10. Bxb5 Bb7 11. Ba4 Nd7 12. O-O Qc7 13. Bb3 Nf8 14. e4 fxe4 15.
Nxe4 f5 16. Nxd6+ Qxd6 17. Nf4 Re8 18. Rfe1 Nd7 19. g4 g5 20. Nh5 f4 21. Ng3
Nf6 22. Nf5 Qd8 23. c4 Bc8 24. Re5 h5 25. cxd5 Bxf5 26. Rxf5 hxg4 27. Qxg4 cxd5
28. Bxd5+ Qxd5 29. Rxd5 Nxg4 30. hxg4 Rh4 31. Rxg5 Reh8 32. Kg2 Rh2+ 33. Kf3
R8h3+ 34. Kxf4 Rxf2+ 35. Ke5 Rxb2 36. Rf1+ Ke7 37. Rg7+ Ke8 38. Rc1 1-0

[Event "Estonian ch (w)"]
[Site "Puhajarve"]
[Date "2001.08.13"]
[Round "6"]
[White "Paidla, Kaja"]
[Black "Budylina, Sofia"]
[Result "1-0"]
[WhiteElo "2109"]
[BlackElo "2076"]
[PlyCount "53"]
[EventDate "2001.08.08"]

1. d4 f5 2. c4 Nf6 3. Nc3 g6 4. e3 Bg7 5. Bd3 O-O 6. Nge2 d6 7. O-O e5 8. f3 c6
9. b3 Be6 10. Bb2 Nbd7 11. Rc1 Kh8 12. Bb1 h5 13. Qe1 g5 14. Rd1 f4 15. exf4 g4
16. dxe5 dxe5 17. fxe5 Nh7 18. f4 Qb6+ 19. Qf2 Qd8 20. Qe3 Bh6 21. Nd4 Qe7 22.
Nxe6 Qxe6 23. Rd6 Qxd6 24. exd6 Rae8 25. Qd3 Ndf6 26. Nd5 cxd5 27. Qxh7# 1-0

[Event "Estonian ch (w)"]
[Site "Puhajarve"]
[Date "2001.08.13"]
[Round "6"]
[White "Bashkite, Viktorija"]
[Black "Piarnpuu, Leili"]
[Result "1/2-1/2"]
[WhiteElo "2072"]
[BlackElo "2212"]
[PlyCount "127"]
[EventDate "2001.08.08"]

1. e4 c5 2. Nf3 Nc6 3. c3 e6 4. d4 d5 5. e5 Bd7 6. a3 c4 7. Be2 Na5 8. Nbd2 Qc7
9. Ng5 h6 10. Nh3 Ne7 11. f4 Nf5 12. Kf2 Be7 13. Rf1 g6 14. Nf3 Nb3 15. Rb1
O-O-O 16. Kg1 Ba4 17. Qe1 Na5 18. Bd1 Bxd1 19. Qxd1 Nb3 20. Re1 Qb6 21. Nd2 a5
22. Nxb3 cxb3 23. a4 Kb8 24. Ra1 Rc8 25. Nf2 g5 26. fxg5 hxg5 27. Be3 Rh4 28.
g3 Rh7 29. Kg2 Rch8 30. Ng4 Nh6 31. Nf2 Nf5 32. Ng4 Nh6 33. Nxh6 Rxh6 34. Rh1
Rg6 35. Rf1 Rg7 36. g4 Rgh7 37. Rh1 f6 38. exf6 Bxf6 39. Bf2 Be7 40. Qe2 Bd6
41. h3 Bf4 42. Ra3 Rf7 43. Qb5 Qc7 44. Rxb3 Rhf8 45. Qb6 Qxb6 46. Rxb6 Bc7 47.
Bg3 Bxg3 48. Kxg3 Rf3+ 49. Kg2 Rf2+ 50. Kg1 Rf1+ 51. Kg2 R8f2+ 52. Kg3 Rf3+ 53.
Kg2 R1f2+ 54. Kg1 Re2 55. h4 Kc7 56. Rb5 Rd3 57. Kf1 Rc2 58. Ke1 Rdd2 59. hxg5
Re2+ 60. Kd1 Red2+ 61. Ke1 Re2+ 62. Kd1 Red2+ 63. Ke1 Re2+ 64. Kd1 1/2-1/2